000
00278nam a2200097Ia 4500
005
20250424112837.0
008
250424s9999 xx 000 0 und d
300
_a
vii. , 159 p. ; 26 cm.
650
_a
Finance--Nigeria--Periodicals. Accounting--Nigeria--Periodicals.
942
_c
SR
999
_c
37457
_d
37457